Eat Your Young - Hozier (All Lyrics) - Statistics

General Stats
  • This quiz has been taken 17 times
  • The average score is 175 of 248
Answer Stats
Lyrics % Correct
a
100%
and
100%
I
100%
to
100%
you
100%
You
100%
be
91%
come
91%
Come
91%
darlin'
91%
eat
91%
Get
91%
get
91%
I'm
91%
Let
91%
me
91%
some
91%
starvin',
91%
the
91%
world
91%
young
91%
your
91%
around
82%
can
82%
If
82%
if
82%
is
82%
lips
82%
my
82%
put
82%
somethin'
82%
teeth
82%
when
82%
wrap
82%
dinner
73%
hesitate,
73%
on
73%
still
73%
There
73%
wanna
73%
We
73%
burn
64%
carvin',
64%
cookin'
64%
done
64%
feel
64%
gone
64%
Honey,
64%
money
64%
Pull
64%
Seven
64%
smell
64%
Start
64%
start
64%
table
64%
table,
64%
that
64%
up
64%
ways
64%
won't
64%
are
55%
can't
55%
comes
55%
edges
55%
flood
55%
for
55%
good
55%
It's
55%
lie
55%
made,
55%
made
55%
new
55%
there's
55%
There's
55%
we've
55%
whatever's
55%
bombs
45%
celebrate
45%
children
45%
easier
45%
gettin'
45%
guns
45%
heat
45%
ladder
45%
makin'
45%
meal
45%
peel
45%
quicker
45%
race
45%
see
45%
sellin'
45%
sure
45%
table's
45%
take
45%
this
45%
war
45%
break,
36%
Crumbs
36%
dressing
36%
drum
36%
enough
36%
everyone
36%
food
36%
gained
36%
ground
36%
have
36%
highness
36%
kindness,
36%
legs
36%
Puttin'
36%
rope
36%
Skinnin'
36%
swung
36%
until
36%
watch
36%
welcome
36%
buy
27%
fineness
27%
Old
27%
Throw
27%
No matching quizzes found
Score Distribution
Percent of People with Each Score
Percentile by Number Answered
Your Score History
You have not taken this quiz